Score 0/40 Timer 05:00
0 Plays Today
% Correct
Bang
96%
By
95.9%
Bitsy
95.7%
Bye
95.5%
Bless
94.9%
Born
94.5%
Bo
93.7%
Breaky
93.6%
Bay
93%
Blood
92.9%
Beautiful
91.4%
Bended
89.8%
Broke
89%
Boom
88.6%
Bernard
87.7%
Bonham
86.9%
Back
86.7%
Broadcasting
86.3%
Buyers
86.2%
Bloody
85.3%
% Correct
Bug's
85.2%
Big
85.2%
Business
84.1%
Blue
83.4%
Batted
82.4%
Bunker's
82.1%
Bull
79.4%
Bran
78.3%
Baines
75.5%
Beach
73.1%
Brown
73%
Brilliant
71%
Bill
67.8%
Bronx
66.6%
Buttered
64.3%
Butler
59%
Biv
57.6%
Becomes
55.8%
Birchard
53%
Bashevis
45.7%
Remove Ads.
Support Sporcle.
Get the best of Sporcle when you Go Orange. This ad-free experience offers more features, more stats, and more fun while also helping to support Sporcle. Thank you for becoming a member.

You're not logged in!

Compare scores with friends on all Sporcle quizzes.
OR
Log In

Show Comments

Extras

Top Quizzes Today


Score Distribution

Your Account Isn't Verified!

In order to create a playlist on Sporcle, you need to verify the email address you used during registration. Go to your Sporcle Settings to finish the process.

Report this User

Report this user for behavior that violates our Community Guidelines.

Details: